Biggest Cities of the Ottoman Empire with a Map - Statistics

General Stats
  • This quiz has been taken 521 times
  • The average score is 39 of 75
Answers on the Map
Answers color-coded by a green-red scale on the quiz's map according to % correct below.
 
Answer Stats
Population City % Correct
200k Kahire (Cairo)
97%
1M Kostantiniyye (Istanbul)
97%
16k Atina (Athens)
95%
75k Cezâyir (Algiers)
95%
15k İskenderiye (Alexandria)
95%
50k Tunus (Tunis)
95%
40k Dar al-Jihad (Belgrade)
93%
20k Bağdad (Baghdad)
92%
10k Kudüs (Jerusalem)
91%
50k Mekke (Mecca)
91%
40k Şâm (Damascus)
91%
26k Ankara
90%
22k Saraybosna (Sarajevo)
90%
23k Selânik (Thessaloniki)
89%
10k Bükreş (Bucharest)
88%
15k Trablusgarp (Tripoli)
88%
42k Halep (Aleppo)
86%
30k Medîne (Medina)
86%
27k Edrine (Edirne)
80%
35k Revan (Yerevan)
80%
65k Bursa
78%
10k Cidde (Jeddah)
78%
15k Tiflis (Tbilisi)
77%
12k Budin (Buda, Budapest)
76%
35k Mevsıl (Mosul)
76%
15k Basra
74%
12k San'a (Sanaa)
72%
10k Usküb (Skopje)
71%
10k Tırabızon (Trabzon)
67%
80k Tebriz (Tabriz)
65%
15k Filibe (Plovdiv)
63%
18k Konya
62%
30k Konstantin (Constantine)
55%
17k Gaziayntab (Gaziantep)
53%
15k Yaş (Iași)
50%
27k Dimyat (Damietta)
48%
41k Kayseri
48%
12k Niş (Niš)
45%
28k Diyarbekir (Diyarbakır)
44%
25k Hama
43%
15k Susa (Sousse)
42%
20k Kefe (Feodosia)
41%
13k Gelibolu
38%
22k Perezrin (Prizren)
37%
17k Sivas
35%
17k Urfa (Şanlıurfa)
35%
12k Kayrevan (Kairouan)
32%
25k Tilimsan (Tlemcen)
31%
10k Larende (Karaman)
30%
15k Asyut
29%
10k Barasu (Brașov)
28%
12k Debrecen
28%
10k Malatya
27%
15k Reşit (Rosetta)
27%
35k Erdebil (Ardabil)
26%
10k Târgoviște
25%
16k Kastamonu
24%
15k Mar'aş (Kahramanmaraş)
24%
16k Amasya
23%
15k Yeni Bazar (Novi Pazar)
22%
20k Tokad (Tokat)
21%
11k Balıkesir
20%
12k İslimiye (Sliven)
20%
30k Muha (Mokha)
19%
15k Çorum
17%
10k Harput (Elazığ)
17%
13k Niğde
17%
13k Aksaray
16%
15k Bahçesaray (Bakhchysarai)
15%
15k Burdur
13%
12k Mahalle-i Kübra (El-Mahalla El-Kubra)
13%
10k Niğbolu (Nikopol)
12%
35k Şamahı (Shamakhi)
10%
22k Bulaq
9%
10k Sonbor (Sombor)
7%
No matching quizzes found
Score Distribution
Percent of People with Each Score
Percentile by Number Answered
Your Score History
You have not taken this quiz